| 000 | 00375nam a2200145Ia 4500 | ||
|---|---|---|---|
| 008 | 150301s2013 xx 000 0 und d | ||
| 082 |
_a616.024 _bQ13K |
||
| 100 | _aKUMAR PARVEEN | ||
| 245 | _a1000 QUES. &ANS. PREM KUMAR & CLARKS CLINICAL MEDICINE | ||
| 250 | _a2ND | ||
| 260 |
_bSAUNDERS _aINDIA _c2013 |
||
| 300 | _a313 | ||
| 650 | _aGENERAL MEDICINE | ||
| 942 |
_2ddc _cBK _02 |
||
| 999 |
_c6728 _d6728 |
||